[Event "Titled Tuesday intern op 08th Aug Late"]
[Site "Chess.com INT"]
[Date "2023.08.08"]
[Round "10"]
[White "Fernandez Madrid, Carlos"]
[Black "Bogaudinov, Rushan"]
[Result "0-1"]
[WhiteElo "2050"]
[BlackElo "1853"]
[PlyCount "34"]
[EventDate "2023.08.08"]
[EventType "swiss (blitz)"]
[EventRounds "11"]
[EventCountry "USA"]
[SourceTitle "EXT 2024"]
[Source "ChessBase"]
[SourceDate "2023.10.10"]
[SourceVersion "1"]
[SourceVersionDate "2023.10.10"]
[SourceQuality "1"]

1. d4 a6 2. e3 h6 3. Bc4 b5 4. Bb3 e6 5. Nf3 d5 6. a4 b4 7. a5 c5 8. dxc5 Bxc5 9. 0-0 Nf6 10. c4 Bb7 11. Qc2 d4 12. Nxd4 Bxd4 13. exd4 Qxd4 14. Be3 Qh4 15. h3 Nbd7 16. Nd2 0-0 17. Qc3 bxc3 0-1

[Event "Titled Tuesday intern op 08th Aug Late"]
[Site "Chess.com INT"]
[Date "2023.08.08"]
[Round "5"]
[White "Fernandez Madrid, Carlos"]
[Black "Omariev, Maksim"]
[Result "0-1"]
[WhiteElo "2050"]
[BlackElo "2304"]
[PlyCount "114"]
[EventDate "2023.08.08"]
[EventType "swiss (blitz)"]
[EventRounds "11"]
[EventCountry "USA"]
[SourceTitle "EXT 2024"]
[Source "ChessBase"]
[SourceDate "2023.10.10"]
[SourceVersion "1"]
[SourceVersionDate "2023.10.10"]
[SourceQuality "1"]

1. c4 e5 2. Nc3 Nc6 3. g3 Nf6 4. Bg2 Bc5 5. e3 d6 6. Nge2 0-0 7. 0-0 a6 8. d4 Ba7 9. d5 Ne7 10. b3 h5 11. e4 h4 12. Bg5 hxg3 13. Nxg3 Nh7 14. Be3 Ng6 15. Nf5 Qf6 16. Bxa7 Rxa7 17. f4 Nxf4 18. Ne2 g5 19. Neg3 Kh8 20. Rxf4 exf4 21. Nh5 Qe5 22. Nd4 Bg4 23. Bf3 Bxf3 24. Nxf3 Qxe4 25. Qf1 Raa8 26. Re1 Qg6 27. Qh3 Rae8 28. Rf1 g4 29. Nxf4 gxh3+ 30. Nxg6+ fxg6 31. Kf2 Rxf3+ 32. Kxf3 Rf8+ 33. Ke2 Rxf1 34. Kxf1 g5 35. Kf2 g4 36. Kg3 Nf6 37. Kf4 Kg7 38. b4 b6 39. Kg3 Kg6 40. Kf4 Kh5 41. a4 a5 42. bxa5 bxa5 43. Kf5 g3 44. hxg3 Ng4 45. Ke6 h2 46. Kd7 h1Q 47. Kxc7 Qg1 48. Kxd6 Qxg3+ 49. Kc6 Qa3 50. d6 Ne5+ 51. Kc7 Nxc4 52. d7 Qd6+ 53. Kc8 Nb6+ 54. Kb7 Nxd7 55. Ka7 Nc5 56. Ka8 Qd7 57. Kb8 Qb7# 0-1

[Event "Barcelona Sant Marti op-A 23rd"]
[Site "Barcelona"]
[Date "2023.07.15"]
[Round "3"]
[White "Fernandez Madrid, Carlos"]
[Black "Alcala Gonzalez, Cesar"]
[Result "0-1"]
[WhiteElo "2053"]
[BlackElo "2329"]
[PlyCount "62"]
[EventDate "2023.07.13"]
[EventType "swiss"]
[EventRounds "9"]
[EventCountry "ESP"]
[SourceTitle "CBM 215 Extra"]
[Source "ChessBase"]
[SourceDate "2023.09.30"]
[SourceVersion "1"]
[SourceVersionDate "2023.09.30"]
[SourceQuality "1"]

1. c4 e6 2. g3 d5 3. Bg2 Nf6 4. Nf3 Be7 5. 0-0 0-0 6. d4 c6 7. Nbd2 b6 8. b3 Bb7 9. Bb2 Nbd7 10. Rc1 Rc8 11. cxd5 exd5 12. Re1 c5 13. Nh4 Re8 14. Nf5 Bf8 15. Nc4 Qc7 16. Ne5 Nxe5 17. dxe5 Ne4 18. Qc2 Rcd8 19. h4 g6 20. Bxe4 dxe4 21. Nd6 Bxd6 22. exd6 Rxd6 23. e3 Rd3 24. b4 Rc8 25. bxc5 Qd7 26. Ba1 Qb5 27. a4 Qb4 28. Bd4 Bd5 29. Qe2 bxc5 30. Qg4 Be6 31. Qxe4 Rb3 0-1

[Event "Titled Tuesday intern op 02nd May Late"]
[Site "Chess.com INT"]
[Date "2023.05.02"]
[Round "11"]
[White "Fernandez Madrid, Carlos"]
[Black "Krivenko, Dion"]
[Result "0-1"]
[WhiteElo "2053"]
[BlackElo "2100"]
[PlyCount "90"]
[EventDate "2023.05.02"]
[EventType "swiss (blitz)"]
[EventRounds "11"]
[EventCountry "USA"]
[SourceTitle "EXT 2024"]
[Source "ChessBase"]
[SourceDate "2023.10.10"]
[SourceVersion "1"]
[SourceVersionDate "2023.10.10"]
[SourceQuality "1"]

1. d4 Nf6 2. Nf3 g6 3. g3 Bg7 4. Bg2 0-0 5. 0-0 d6 6. c4 Nbd7 7. b3 c6 8. Bb2 a5 9. Nc3 e5 10. dxe5 Nxe5 11. Qd2 Qe7 12. Rfd1 Nxf3+ 13. Bxf3 Rd8 14. Na4 Bf5 15. Nb6 Ra6 16. c5 d5 17. Rac1 Be4 18. Bxf6 Bxf6 19. Bxe4 Qxe4 20. e3 h5 21. Qd3 Qg4 22. Kg2 h4 23. h3 Qe6 24. e4 dxe4 25. Qe2 hxg3 26. Rxd8+ Bxd8 27. Nc4 gxf2 28. Qxf2 a4 29. b4 Ra8 30. Nd6 Bc7 31. Nxb7 Rb8 32. Nd6 Rxb4 33. Rf1 Bxd6 34. cxd6 a3 35. Qg3 Rb2+ 36. Kh1 e3 37. d7 Qxd7 38. Qxe3 Qd5+ 39. Qf3 Qxf3+ 40. Rxf3 Rxa2 41. Rc3 Kg7 42. Rxc6 Rd2 43. Rc1 a2 44. Ra1 Rb2 45. Kg1 Rb1+ 0-1

[Event "Titled Tuesday intern op 02nd May Late"]
[Site "Chess.com INT"]
[Date "2023.05.02"]
[Round "7"]
[White "Fernandez Madrid, Carlos"]
[Black "Piesik, Piotr"]
[Result "0-1"]
[WhiteElo "2053"]
[BlackElo "2426"]
[PlyCount "118"]
[EventDate "2023.05.02"]
[EventType "swiss (blitz)"]
[EventRounds "11"]
[EventCountry "USA"]
[SourceTitle "EXT 2024"]
[Source "ChessBase"]
[SourceDate "2023.10.10"]
[SourceVersion "1"]
[SourceVersionDate "2023.10.10"]
[SourceQuality "1"]

1. d4 c5 2. Nf3 cxd4 3. Nxd4 d5 4. g3 e5 5. Nb3 Nc6 6. Bg2 Be6 7. 0-0 h6 8. e4 d4 9. f4 Nf6 10. fxe5 Nxe5 11. Nxd4 Bc5 12. c3 Bc4 13. Rf5 Qe7 14. Bf4 Nfd7 15. Nd2 Ba6 16. b4 Bb6 17. Kh1 g6 18. Bxe5 Nxe5 19. Rf4 Nd3 20. Rf3 Ne5 21. Rf4 Rd8 22. N2b3 Bc4 23. Bf1 0-0 24. Bxc4 Nxc4 25. Qf1 Ne5 26. Re1 Rc8 27. Re3 h5 28. h4 Ng4 29. Ref3 Bc7 30. Nc5 Bxf4 31. Rxf4 b6 32. Na4 Rc4 33. Qxc4 Ne5 34. Qd5 Rd8 35. Qb5 Ng4 36. Nc6 Rd1+ 37. Kg2 Rd2+ 38. Kg1 Qd6 39. Nd4 Qe5 40. Qxe5 Nxe5 41. c4 Rxd4 42. Nc3 Rxc4 43. Nd5 Kg7 44. a3 Rc1+ 45. Kf2 Rc2+ 46. Ke3 Ra2 47. Kd4 Nc6+ 48. Kc4 Rxa3 49. Kb5 Nd4+ 50. Kc4 Ne6 51. Rf2 Rxg3 52. Ne7 a6 53. Nc8 b5+ 54. Kd5 Rc3 55. Nd6 Rd3+ 56. Kc6 Nd8+ 57. Kd7 Nb7 58. Rxf7+ Kg8 59. Ke8 Nxd6+ 0-1

[Event "Titled Tuesday intern op 02nd May Late"]
[Site "Chess.com INT"]
[Date "2023.05.02"]
[Round "5"]
[White "Fernandez Madrid, Carlos"]
[Black "Urbina Perez, Juan Antonio"]
[Result "1/2-1/2"]
[WhiteElo "2053"]
[BlackElo "2266"]
[PlyCount "125"]
[EventDate "2023.05.02"]
[EventType "swiss (blitz)"]
[EventRounds "11"]
[EventCountry "USA"]
[SourceTitle "EXT 2024"]
[Source "ChessBase"]
[SourceDate "2023.10.10"]
[SourceVersion "1"]
[SourceVersionDate "2023.10.10"]
[SourceQuality "1"]

1. d4 d5 2. Nf3 Nf6 3. g3 c6 4. Bg2 Bf5 5. 0-0 h6 6. Ne5 e6 7. c4 Nbd7 8. cxd5 exd5 9. Nc3 Bd6 10. Bf4 Qe7 11. Nxd7 Nxd7 12. Bxd6 Qxd6 13. e4 dxe4 14. Nxe4 Bxe4 15. Bxe4 0-0 16. d5 Nf6 17. Bc2 Qxd5 18. Qxd5 Nxd5 19. Rad1 Rad8 20. Be4 Nf6 21. Bf3 Rfe8 22. Rfe1 Rxe1+ 23. Rxe1 Kf8 24. Re2 Re8 25. Rd2 Ke7 26. Kf1 Rd8 27. Re2+ Kd6 28. Rd2+ Kc7 29. Re2 Rd7 30. h3 a5 31. a3 Kb6 32. g4 Kc7 33. Rc2 Nd5 34. h4 g5 35. hxg5 hxg5 36. Be4 Nf4 37. f3 Rd1+ 38. Kf2 Kb6 39. Ke3 c5 40. Rh2 Rd7 41. Rc2 f6 42. Bf5 Rd5 43. Rc4 Rd1 44. b4 axb4 45. axb4 Re1+ 46. Kf2 Re2+ 47. Kf1 Re3 48. bxc5+ Kb5 49. Rc2 Rxf3+ 50. Kg1 Rb3 51. Be4 Ka6 52. Ra2+ Kb5 53. Rc2 Rb1+ 54. Kh2 Ne6 55. Rf2 Rb4 56. Bxb7 Nxc5 57. Bc8 Rf4 58. Rxf4 gxf4 59. Kg2 Nd3 60. Kf3 Ne5+ 61. Kxf4 Nxg4 62. Bxg4 f5 63. Bxf5 1/2-1/2

[Event "Barcelona Sant Marti op 10th"]
[Site "Barcelona"]
[Date "2023.02.16"]
[Round "6"]
[White "Sviridenko, Yaroslav"]
[Black "Fernandez Madrid, Carlos"]
[Result "1/2-1/2"]
[WhiteElo "1877"]
[BlackElo "2105"]
[PlyCount "110"]
[EventDate "2023.01.12"]
[EventType "swiss"]
[EventRounds "9"]
[EventCountry "ESP"]
[SourceTitle "CBM 213 Extra"]
[Source "ChessBase"]
[SourceDate "2023.05.31"]
[SourceVersion "1"]
[SourceVersionDate "2023.05.31"]
[SourceQuality "1"]

1. e4 c6 2. d4 d5 3. exd5 cxd5 4. Bd3 g6 5. h3 Bg7 6. Nf3 Nf6 7. 0-0 0-0 8. c3 Nc6 9. Bf4 Re8 10. Nbd2 Nd7 11. Re1 e5 12. dxe5 Ndxe5 13. Nxe5 Nxe5 14. Nf3 Nxf3+ 15. Qxf3 Be6 16. Bb5 Rf8 17. Be3 a6 18. Ba4 b5 19. Bb3 d4 20. Red1 Bxb3 21. axb3 Qf6 22. Qxf6 Bxf6 23. Bxd4 Bxd4 24. Rxd4 Rfe8 25. Kf1 Re6 26. Re1 Rf6 27. Re5 Rc8 28. Ke2 Rcc6 29. Ke3 Kg7 30. g4 h6 31. h4 Rc8 32. f4 Rb6 33. g5 hxg5 34. hxg5 Rb7 35. Rd6 Rh8 36. Rxa6 Rh2 37. Kd4 Rxb2 38. b4 Rf2 39. Kc5 Rxf4 40. Kc6 Rb8 41. Kc7 Rh8 42. Rxb5 Re4 43. Rc5 Ree8 44. b5 Rb8 45. Rac6 Rhd8 46. b6 Rdc8+ 47. Kd6 Rd8+ 48. Ke5 Rd1 49. c4 Re8+ 50. Kf4 Rf1+ 51. Kg3 Re3+ 52. Kg2 Ref3 53. Rf6 R1f2+ 54. Kg1 Rf1+ 55. Kg2 R1f2+ 1/2-1/2

[Event "Catalunya-chT Gp1"]
[Site "Barcelona"]
[Date "2023.02.04"]
[Round "3.5"]
[White "Fernandez Madrid, Carlos"]
[Black "Ayas Fernandez, Antonio"]
[Result "1/2-1/2"]
[WhiteElo "2105"]
[BlackElo "2185"]
[PlyCount "42"]
[EventDate "2023.01.21"]
[EventType "team-tourn"]
[EventRounds "7"]
[EventCountry "ESP"]
[SourceTitle "CBM 213 Extra"]
[Source "ChessBase"]
[SourceDate "2023.05.31"]
[SourceVersion "1"]
[SourceVersionDate "2023.05.31"]
[SourceQuality "1"]
[WhiteTeam "Badalona Cor de Marina"]
[BlackTeam "Lira Vendrellenca"]
[WhiteTeamCountry "ESP"]
[BlackTeamCountry "ESP"]

1. c4 e5 2. Nc3 Nf6 3. g3 d5 4. cxd5 Nxd5 5. Bg2 Nb6 6. Nf3 Nc6 7. 0-0 Be7 8. a4 a5 9. d4 exd4 10. Nb5 0-0 11. Nfxd4 Nxd4 12. Qxd4 Qxd4 13. Nxd4 c6 14. Bd2 Rd8 15. Bc3 Nd5 16. h3 Nxc3 17. bxc3 Bd7 18. Rfb1 Rab8 19. Ra2 Bf6 20. Rb6 c5 21. Nb5 Bxb5 1/2-1/2

[Event "Sant Adria de Besos op"]
[Site "Sant Adria de Besos"]
[Date "2022.08.13"]
[Round "3"]
[White "Sudarshan, Bhat"]
[Black "Fernandez Madrid, Carlos"]
[Result "1-0"]
[WhiteElo "2025"]
[BlackElo "2136"]
[PlyCount "71"]
[EventDate "2022.08.11"]
[EventType "swiss"]
[EventRounds "9"]
[EventCountry "ESP"]
[SourceTitle "CBM 209 Extra"]
[Source "ChessBase"]
[SourceDate "2022.09.30"]
[SourceVersion "1"]
[SourceVersionDate "2022.09.30"]
[SourceQuality "1"]

1. e4 d6 2. d4 Nf6 3. Nc3 e5 4. Nf3 exd4 5. Nxd4 Be7 6. Bf4 0-0 7. Qd2 Nc6 8. 0-0-0 Nxd4 9. Qxd4 Be6 10. f3 a5 11. g4 a4 12. a3 Nd7 13. h4 Bf6 14. Qe3 b5 15. Bxb5 Qb8 16. Bxd7 Bxd7 17. g5 Bxc3 18. Qxc3 Ra6 19. h5 Rc6 20. Qd4 Qb3 21. Qd3 Qa2 22. Be3 Rb8 23. Bd4 Rb3 24. Bc3 Rcxc3 25. bxc3 Bb5 26. Qd4 Rb2 27. Kd2 Rxc2+ 28. Ke3 Rf2 29. Rd2 Re2+ 30. Rxe2 Qxe2+ 31. Kf4 Qg2 32. h6 f6 33. Qd5+ Kf8 34. hxg7+ Kxg7 35. gxf6+ Kxf6 36. Qf5+ 1-0

[Event "Hospitalet de Llobregat Ponce 11th"]
[Site "Hospitalet de Llobregat"]
[Date "2022.04.30"]
[Round "2"]
[White "Tardio Fran, Emilio"]
[Black "Fernandez Madrid, Carlos"]
[Result "0-1"]
[WhiteElo "1721"]
[BlackElo "2117"]
[PlyCount "62"]
[EventDate "2022.04.23"]
[EventType "swiss"]
[EventRounds "9"]
[EventCountry "ESP"]
[SourceTitle "EXT 2023"]
[Source "ChessBase"]
[SourceDate "2022.10.05"]
[SourceVersion "1"]
[SourceVersionDate "2022.10.05"]
[SourceQuality "1"]

1. e4 c5 2. Nf3 d6 3. d4 cxd4 4. Nxd4 g6 5. Nc3 Bg7 6. Be3 Nc6 7. Qd2 Nxd4 8. Bxd4 Nf6 9. f3 0-0 10. Bc4 Bd7 11. h4 a5 12. Nd5 Nxd5 13. Bxg7 Kxg7 14. Bxd5 e6 15. Bc4 b5 16. Bd3 Qf6 17. Qg5 Qxb2 18. 0-0 Qf6 19. f4 Qxg5 20. fxg5 f5 21. gxf6+ Rxf6 22. Rxf6 Kxf6 23. Kf2 Ke5 24. Ke3 Rf8 25. Rb1 b4 26. c3 bxc3 27. Rb7 Rd8 28. Rc7 d5 29. exd5 exd5 30. Rc5 Rc8 31. Rxa5 c2 0-1

[Event "Catalunya-chT Gp1"]
[Site "Barcelona"]
[Date "2022.03.05"]
[Round "7.6"]
[White "Barranco Montilla, Cristobal"]
[Black "Fernandez Madrid, Carlos"]
[Result "1/2-1/2"]
[WhiteElo "2127"]
[BlackElo "2141"]
[PlyCount "28"]
[EventDate "2022.01.22"]
[EventType "team-tourn"]
[EventRounds "9"]
[EventCountry "ESP"]
[SourceTitle "CBM 208 Extra"]
[Source "ChessBase"]
[SourceDate "2022.07.31"]
[SourceVersion "1"]
[SourceVersionDate "2022.07.31"]
[SourceQuality "1"]
[WhiteTeam "Gramenet"]
[BlackTeam "Badalona Cor de Marina"]
[WhiteTeamCountry "ESP"]
[BlackTeamCountry "ESP"]

1. d4 g6 2. e4 Bg7 3. Nc3 d6 4. f4 Nf6 5. Nf3 0-0 6. e5 dxe5 7. fxe5 Nd5 8. Bc4 Nb6 9. Bb3 Bg4 10. 0-0 Nc6 11. Be3 Na5 12. Qe2 Nxb3 13. axb3 f6 14. Rad1 Qc8 1/2-1/2

[Event "Titled Tuesday intern op 13th July"]
[Site "Chess.com INT"]
[Date "2021.07.13"]
[Round "7"]
[White "Buker, Muhittin"]
[Black "Fernandez Madrid, Carlos"]
[Result "0-1"]
[WhiteElo "1996"]
[BlackElo "2118"]
[PlyCount "86"]
[EventDate "2021.07.13"]
[EventType "swiss (blitz)"]
[EventRounds "11"]
[EventCountry "USA"]
[SourceTitle "CBM 203 Extra"]
[Source "ChessBase"]
[SourceDate "2021.09.30"]
[SourceVersion "1"]
[SourceVersionDate "2021.09.30"]
[SourceQuality "1"]

1. d4 g6 2. c4 Bg7 3. Nc3 c5 4. d5 e6 5. e4 exd5 6. cxd5 d6 7. Be2 a6 8. a4 Nf6 9. Nf3 Nh5 10. Nd2 Nf4 11. 0-0 Nxe2+ 12. Qxe2 0-0 13. Nc4 Qe7 14. a5 Nd7 15. Na4 Ne5 16. Ncb6 Rb8 17. h3 Bd7 18. f4 Bb5 19. Qc2 Bxf1 20. fxe5 Bb5 21. exd6 Qxd6 22. Nxc5 Bd4+ 23. Kh1 Qxc5 24. Qb3 Qd6 25. Bh6 Rfe8 26. Qf3 Bxb2 27. Rd1 Bg7 28. Bf4 Be5 29. Bh6 Qf6 30. Qe3 Qh4 31. d6 Qg3 32. Qxg3 Bxg3 33. d7 Red8 34. Bg5 Bc7 35. Bxd8 Rxd8 36. Nd5 Bxa5 37. Nf6+ Kg7 38. e5 Bc3 39. Ne8+ Rxe8 40. dxe8Q Bxe8 41. Rd5 Bc6 42. Rc5 Bd4 43. Ra5 Bb5 0-1